000
00280nam a22001337a 4500
003
SGT
082
_a
616.24
_b
E19Y
100
_a
YADAV, PREETI
245
_a
EFFECT OF PILATES ON LOWER LIMB
260
_a
SGTU
_c
2019
300
_a
120
650
_a
SPORTS REHAB.
942
_2
ddc
_c
TH
999
_c
20681
_d
20681